<?xml version="1.0" encoding="UTF-8"?>
<record
    xmlns:xsi="http://www.w3.org/2001/XMLSchema-instance"
    xsi:schemaLocation="http://www.loc.gov/MARC21/slim http://www.loc.gov/standards/marcxml/schema/MARC21slim.xsd"
    xmlns="http://www.loc.gov/MARC21/slim">

  <leader>01260nam a2200205 a 4500</leader>
  <controlfield tag="008">190917e2001    ag  |||g |||| 001 0 spa d</controlfield>
  <datafield tag="020" ind1=" " ind2=" ">
    <subfield code="a">9879009223</subfield>
  </datafield>
  <datafield tag="041" ind1=" " ind2=" ">
    <subfield code="a">spa</subfield>
  </datafield>
  <datafield tag="092" ind1=" " ind2=" ">
    <subfield code="c">808</subfield>
    <subfield code="l">30</subfield>
    <subfield code="s">GON</subfield>
  </datafield>
  <datafield tag="100" ind1="1" ind2=" ">
    <subfield code="a">Gonz&#xE1;les, Edwin C</subfield>
    <subfield code="e">Dir.</subfield>
    <subfield code="9">4022</subfield>
  </datafield>
  <datafield tag="245" ind1="3" ind2=" ">
    <subfield code="a">Te cuento.</subfield>
    <subfield code="b">Selecci&#xF3;n de cuentos /</subfield>
    <subfield code="c">Edwin C. Gonzales</subfield>
  </datafield>
  <datafield tag="250" ind1=" " ind2=" ">
    <subfield code="a">1a ed.</subfield>
  </datafield>
  <datafield tag="260" ind1=" " ind2=" ">
    <subfield code="a">Buenos Aires:</subfield>
    <subfield code="b">Urano;</subfield>
    <subfield code="c">2001.</subfield>
  </datafield>
  <datafield tag="300" ind1=" " ind2=" ">
    <subfield code="a">186 p.</subfield>
  </datafield>
  <datafield tag="500" ind1=" " ind2=" ">
    <subfield code="a">Gonz&#xE1;les, E. (2001). Te cuento. Selecci&#xF3;n de cuentos. (1a ed.). Buenos Aires : Urano.</subfield>
  </datafield>
  <datafield tag="505" ind1=" " ind2=" ">
    <subfield code="a">El lenguaje narrativo es un valioso instrumento, del cual se vale la literatura para suscitar ese di&#xE1;logo &#xED;ntimo que, siempre se establece entre el numen del escritor y el esp&#xED;ritu del lector. Esta presente antolog&#xED;a Te Cuento surgida del I Certamen Internacional Jorge Luis Borges, nos descubrir&#xE1; las p&#xF3;cimas m&#xE1;gicas de la prosa convertida en cuentos, donde el talento narrativo de los autores seleccionados nos har&#xE1; ingresar en el apasionante universo del arte literario. El cuento argentina ha encontrado en estos j&#xF3;venes escritores, verdaderos artistas, que llevar&#xE1;n en elato su glorioso estandarte. </subfield>
  </datafield>
  <datafield tag="590" ind1=" " ind2=" ">
    <subfield code="a">Proyecto 4to libro, Donaci&#xF3;n Navarro Adriana, febrero 2019</subfield>
  </datafield>
  <datafield tag="655" ind1=" " ind2=" ">
    <subfield code="a">Literatura</subfield>
    <subfield code="9">2917</subfield>
  </datafield>
  <datafield tag="942" ind1=" " ind2=" ">
    <subfield code="2">ddc</subfield>
    <subfield code="c">LIT</subfield>
  </datafield>
  <datafield tag="999" ind1=" " ind2=" ">
    <subfield code="c">2868</subfield>
    <subfield code="d">2868</subfield>
  </datafield>
  <datafield tag="952" ind1=" " ind2=" ">
    <subfield code="0">0</subfield>
    <subfield code="1">0</subfield>
    <subfield code="2">ddc</subfield>
    <subfield code="4">0</subfield>
    <subfield code="7">0</subfield>
    <subfield code="a">BFM</subfield>
    <subfield code="b">BFM</subfield>
    <subfield code="c">CR</subfield>
    <subfield code="d">2019-03-01</subfield>
    <subfield code="e">Donaci&#xF3;n Adriana Navarro, febrero 2019</subfield>
    <subfield code="l">0</subfield>
    <subfield code="o">808 30 GON</subfield>
    <subfield code="p">4392</subfield>
    <subfield code="r">2019-03-01</subfield>
    <subfield code="t">Ej. 1</subfield>
    <subfield code="w">2019-03-01</subfield>
    <subfield code="y">LIT</subfield>
    <subfield code="z">Proyecto 4to libro. Donaci&#xF3;n Adriana Navarro, febrero 2019</subfield>
  </datafield>
</record>
